[Event "Ljubljana-chT 75th"]
[Site "Ljubljana"]
[Date "2023.03.02"]
[Round "6.1"]
[White "Markoja, Sebastijan"]
[Black "Zmavc, Mark"]
[Result "1-0"]
[WhiteElo "2217"]
[BlackElo "1952"]
[PlyCount "101"]
[EventDate "2023.01.12"]
[EventType "team-swiss"]
[EventRounds "9"]
[EventCountry "SLO"]
[SourceTitle "EXT 2024"]
[Source "ChessBase"]
[SourceDate "2023.10.10"]
[SourceVersion "1"]
[SourceVersionDate "2023.10.10"]
[SourceQuality "1"]
[WhiteTeam "Dol"]
[BlackTeam "Ljubljana SK"]
[WhiteTeamCountry "SLO"]
[BlackTeamCountry "SLO"]

1. e4 c5 2. Nf3 e6 3. b3 Nc6 4. Bb2 Nf6 5. e5 Nd5 6. g3 Be7 7. Bg2 0-0 8. 0-0 f6 9. Na3 fxe5 10. Nxe5 Nxe5 11. Bxe5 d6 12. Bb2 Bf6 13. Bxf6 Qxf6 14. Nc4 Rd8 15. Qh5 Ne7 16. Rae1 Rb8 17. c3 g6 18. Qe2 b5 19. Ne3 Nf5 20. Ng4 Qg7 21. f4 Re8 22. Bc6 Re7 23. Bxb5 h5 24. Nf2 Bb7 25. Bd3 Rbe8 26. Be4 d5 27. Bg2 e5 28. fxe5 Rxe5 29. Qd1 d4 30. Bxb7 Qxb7 31. Rxe5 Rxe5 32. Nd3 Re7 33. Nf4 Kh7 34. c4 Qe4 35. Nd5 Re6 36. Nf4 Re7 37. Nh3 Kh6 38. Nf2 Qe6 39. Nd3 Qd6 40. Qf3 Kh7 41. Nf4 Re5 42. Qb7+ Kh6 43. Qc8 Kh7 44. Nxh5 Ne7 45. Rf7+ Kh6 46. Qh8+ Kg5 47. Nf4 Nf5 48. Rf6 Re1+ 49. Kf2 Qxf6 50. Nh3+ Kg4 51. Qxf6 1-0

[Event "SLO-chT1 West"]
[Site "Slovenia"]
[Date "2022.10.16"]
[Round "6.6"]
[White "Ristov, Tase"]
[Black "Zmavc, Mark"]
[Result "0-1"]
[WhiteElo "1839"]
[BlackElo "1924"]
[PlyCount "98"]
[EventDate "2022.10.07"]
[EventType "team-tourn"]
[EventRounds "9"]
[EventCountry "SLO"]
[SourceTitle "CBM 210 Extra"]
[Source "ChessBase"]
[SourceDate "2022.11.30"]
[SourceVersion "1"]
[SourceVersionDate "2022.11.30"]
[SourceQuality "1"]
[WhiteTeam "Kranj Stari Mayr"]
[BlackTeam "Ljubljana Tajfun"]
[WhiteTeamCountry "SLO"]
[BlackTeamCountry "SLO"]

1. d4 d5 2. Nf3 Nf6 3. c3 Bf5 4. Bf4 e6 5. e3 Be7 6. Bd3 0-0 7. Qc2 Bxd3 8. Qxd3 c5 9. Nbd2 Nc6 10. 0-0 Nh5 11. Bg3 a6 12. a4 Nxg3 13. hxg3 Qc7 14. e4 dxe4 15. Qxe4 Rfd8 16. dxc5 Bxc5 17. b4 Ba7 18. Kh2 Rd5 19. Kh1 Rad8 20. Nc4 Rh5+ 21. Nh2 Bxf2 22. Qg4 Rf5 23. Nf3 Qxg3 24. Ne3 Qxg4 25. Nxg4 Rh5+ 26. Ngh2 Bg3 27. Rfd1 Rhd5 28. Rxd5 Rxd5 29. c4 Rd3 30. b5 Na5 31. Nf1 Bf4 32. bxa6 bxa6 33. c5 Nb3 34. Rb1 Nxc5 35. Ne1 Rb3 36. Rd1 g5 37. Rd4 Rb1 38. Rd8+ Kg7 39. g3 Rxe1 40. Kg2 Be5 41. a5 Ra1 42. Ne3 Rxa5 43. Nc4 Ra2+ 44. Kh3 g4+ 45. Kxg4 Ra4 46. Kh5 Rxc4 47. g4 Ne4 48. Ra8 Bf6 49. g5 Ng3# 0-1

[Event "SLO-chT1 West"]
[Site "Slovenia"]
[Date "2022.10.08"]
[Round "2.6"]
[White "Trpin, Alenka"]
[Black "Zmavc, Mark"]
[Result "0-1"]
[WhiteElo "1724"]
[BlackElo "1924"]
[PlyCount "38"]
[EventDate "2022.10.07"]
[EventType "team-tourn"]
[EventRounds "9"]
[EventCountry "SLO"]
[SourceTitle "CBM 210 Extra"]
[Source "ChessBase"]
[SourceDate "2022.11.30"]
[SourceVersion "1"]
[SourceVersionDate "2022.11.30"]
[SourceQuality "1"]
[WhiteTeam "Komenda"]
[BlackTeam "Ljubljana Tajfun"]
[WhiteTeamCountry "SLO"]
[BlackTeamCountry "SLO"]

1. d4 d5 2. Bf4 c5 3. h3 Nc6 4. Nf3 Nf6 5. e3 Bf5 6. Bd3 Bxd3 7. Qxd3 Qb6 8. b3 cxd4 9. exd4 Rc8 10. a3 g6 11. 0-0 Bg7 12. Nbd2 0-0 13. c4 dxc4 14. bxc4 e6 15. Rab1 Qa6 16. Rb5 Rfd8 17. Rd1 Na5 18. Ne5 Nxc4 19. Rdb1 Nxa3 0-1

[Event "SLO-chT2 West"]
[Site "Komenda"]
[Date "2021.11.28"]
[Round "4.4"]
[White "Zmavc, Mark"]
[Black "Turkovic, Igor"]
[Result "1-0"]
[WhiteElo "1891"]
[BlackElo "1782"]
[PlyCount "55"]
[EventDate "2021.11.27"]
[EventType "team-tourn"]
[EventRounds "7"]
[EventCountry "SLO"]
[SourceTitle "EXT 2024"]
[Source "ChessBase"]
[SourceDate "2023.10.10"]
[SourceVersion "1"]
[SourceVersionDate "2023.10.10"]
[SourceQuality "1"]
[WhiteTeam "Dolenjske Toplice"]
[BlackTeam "Ljubljana SK"]
[WhiteTeamCountry "SLO"]
[BlackTeamCountry "SLO"]

1. d4 Nf6 2. c4 c5 3. Nf3 g6 4. Nc3 cxd4 5. Nxd4 Bg7 6. e4 d6 7. Be2 0-0 8. 0-0 Nc6 9. Be3 Bd7 10. f3 a6 11. Qd2 Rb8 12. a4 Re8 13. Nxc6 bxc6 14. a5 Be6 15. Rfd1 Qc8 16. Na4 c5 17. Nb6 Qc7 18. Rab1 Nd7 19. Nxd7 Bxd7 20. b4 Rxb4 21. Rxb4 cxb4 22. Qxb4 Qc6 23. c5 dxc5 24. Bxc5 Rc8 25. Bxe7 Qc2 26. Qd2 Ba4 27. Qxc2 Bxc2 28. Rd8+ 1-0

[Event "SLO-chT Central 21st"]
[Site "Slovenia"]
[Date "2020.10.08"]
[Round "4.2"]
[White "Zmavc, Mark"]
[Black "Juhant, Igor"]
[Result "0-1"]
[WhiteElo "1898"]
[BlackElo "2000"]
[PlyCount "48"]
[EventDate "2020.09.17"]
[EventType "team-swiss"]
[EventRounds "5"]
[EventCountry "SLO"]
[SourceTitle "EXT 2024"]
[Source "ChessBase"]
[SourceDate "2023.10.10"]
[SourceVersion "1"]
[SourceVersionDate "2023.10.10"]
[SourceQuality "1"]
[WhiteTeam "Klinicni Center"]
[BlackTeam "Komenda Popotnik"]
[WhiteTeamCountry "SLO"]
[BlackTeamCountry "SLO"]

1. d4 Nf6 2. c4 e6 3. Nc3 Bb4 4. Qc2 c5 5. dxc5 Nc6 6. Nf3 Bxc5 7. Bf4 0-0 8. e3 d5 9. Rd1 d4 10. exd4 Nxd4 11. Nxd4 Bxd4 12. Be5 Bxc3+ 13. Bxc3 Qe7 14. Bd3 h6 15. 0-0 b6 16. Qe2 Bb7 17. Bb1 Rfd8 18. Rxd8+ Rxd8 19. Qc2 Ne4 20. Re1 f5 21. Be5 Rd2 22. Qc1 Qc5 23. Re3 Qxe5 24. Bxe4 Qxb2 0-1

[Event "Ljubljana-chT 73rd"]
[Site "Ljubljana"]
[Date "2020.02.13"]
[Round "4.1"]
[White "Zmavc, Mark"]
[Black "Jelen, Igor"]
[Result "0-1"]
[WhiteElo "1903"]
[BlackElo "2336"]
[PlyCount "66"]
[EventDate "2020.01.16"]
[EventType "team-swiss"]
[EventRounds "6"]
[EventCountry "SLO"]
[SourceTitle "EXT 2024"]
[Source "ChessBase"]
[SourceDate "2023.10.10"]
[SourceVersion "1"]
[SourceVersionDate "2023.10.10"]
[SourceQuality "1"]
[WhiteTeam "Klinicni Center"]
[BlackTeam "Ig"]
[WhiteTeamCountry "SLO"]
[BlackTeamCountry "SLO"]

1. d4 Nf6 2. c4 g6 3. Nc3 d5 4. Nf3 Bg7 5. Qb3 dxc4 6. Qxc4 0-0 7. e4 a6 8. Be2 b5 9. Qb3 c5 10. dxc5 Bb7 11. e5 Nfd7 12. Be3 e6 13. 0-0 Nc6 14. Rac1 Qc7 15. a3 Ndxe5 16. Nxe5 Nxe5 17. a4 bxa4 18. Nxa4 Qc6 19. f3 Ng4 20. Rc4 Nxe3 21. Qxe3 Rad8 22. Rd1 a5 23. b3 Rxd1+ 24. Bxd1 Rd8 25. Qe1 Bd4+ 26. Kh1 Bf2 27. Qf1 Ba6 28. Be2 Bxc4 29. Bxc4 Bxc5 30. Nxc5 Qxc5 31. h3 Rd2 32. f4 Rf2 33. Qd3 Rxf4 0-1

[Event "SLO-chT2 West"]
[Site "Komenda"]
[Date "2019.11.17"]
[Round "5.2"]
[White "Rojs, Igor"]
[Black "Zmavc, Mark"]
[Result "1/2-1/2"]
[WhiteElo "1995"]
[BlackElo "1839"]
[PlyCount "60"]
[EventDate "2019.11.15"]
[EventType "team-tourn"]
[EventRounds "9"]
[EventCountry "SLO"]
[SourceTitle "EXT 2024"]
[Source "ChessBase"]
[SourceDate "2023.10.10"]
[SourceVersion "1"]
[SourceVersionDate "2023.10.10"]
[SourceQuality "1"]
[WhiteTeam "Trzin"]
[BlackTeam "Ljubljana SK"]
[WhiteTeamCountry "SLO"]
[BlackTeamCountry "SLO"]

1. d4 d5 2. Nf3 Nf6 3. c4 c6 4. e3 e6 5. Nc3 Nbd7 6. Bd3 dxc4 7. Bxc4 b5 8. Bd3 Bb7 9. 0-0 Bd6 10. b3 a6 11. e4 e5 12. dxe5 Nxe5 13. Nxe5 Bxe5 14. Bb2 0-0 15. Qe2 Qc7 16. h3 Rad8 17. Rad1 c5 18. Rfe1 Rfe8 19. Qf3 c4 20. bxc4 bxc4 21. Bb1 Rxd1 22. Qxd1 Qa5 23. Qc1 Bc6 24. Kf1 Qc7 25. Kg1 Qa5 26. Kf1 Qc7 27. Kg1 Qa5 28. Kf1 Qc7 29. Kg1 Qa5 30. Kf1 Qc7 1/2-1/2

[Event "SLO-chT2 West"]
[Site "Komenda"]
[Date "2019.11.16"]
[Round "3.2"]
[White "Zmavc, Mark"]
[Black "Logar, Metod"]
[Result "1-0"]
[WhiteElo "1839"]
[BlackElo "1982"]
[PlyCount "83"]
[EventDate "2019.11.15"]
[EventType "team-tourn"]
[EventRounds "9"]
[EventCountry "SLO"]
[SourceTitle "EXT 2024"]
[Source "ChessBase"]
[SourceDate "2023.10.10"]
[SourceVersion "1"]
[SourceVersionDate "2023.10.10"]
[SourceQuality "1"]
[WhiteTeam "Ljubljana SK"]
[BlackTeam "Prevodi Dvojka"]
[WhiteTeamCountry "SLO"]
[BlackTeamCountry "SLO"]

1. d4 Nf6 2. c4 e6 3. Nc3 Bb4 4. Qc2 d5 5. cxd5 exd5 6. Bg5 h6 7. Bh4 g5 8. Bg3 Ne4 9. e3 0-0 10. Bd3 Re8 11. Nge2 c5 12. 0-0 Nxg3 13. Nxg3 cxd4 14. exd4 Nc6 15. Rad1 Be6 16. Bf5 Qf6 17. Qd3 Bd6 18. a3 Rac8 19. Bxe6 fxe6 20. Rfe1 Rf8 21. Re2 Rce8 22. b4 Qf7 23. Qe3 Bf4 24. Qd3 Ne7 25. Rde1 Nc8 26. Na4 b6 27. Nc3 Nd6 28. a4 h5 29. Nf1 Nf5 30. Nxd5 Bb8 31. Nde3 Nh4 32. Nc4 Rd8 33. Qe4 Rfe8 34. Ng3 Bxg3 35. hxg3 Nf5 36. Ne5 Qf6 37. Nc6 Rd6 38. Rd2 Kg7 39. b5 Rd5 40. g4 hxg4 41. Qxg4 Rh8 42. f4 1-0

[Event "SLO-chT Central 20th"]
[Site "Slovenia"]
[Date "2019.09.26"]
[Round "3.2"]
[White "Zmavc, Mark"]
[Black "Skok, Boris"]
[Result "0-1"]
[WhiteElo "1839"]
[BlackElo "1918"]
[PlyCount "86"]
[EventDate "2019.09.12"]
[EventType "team-tourn"]
[EventRounds "7"]
[EventCountry "SLO"]
[SourceTitle "EXT 2024"]
[Source "ChessBase"]
[SourceDate "2023.10.10"]
[SourceVersion "1"]
[SourceVersionDate "2023.10.10"]
[SourceQuality "1"]
[WhiteTeam "Klinicni Center"]
[BlackTeam "Bor Dob"]
[WhiteTeamCountry "SLO"]
[BlackTeamCountry "SLO"]

1. d4 Nf6 2. c4 e6 3. Nc3 d5 4. cxd5 exd5 5. Bg5 c6 6. Qc2 Be7 7. e3 Nbd7 8. Bd3 Nh5 9. Bxe7 Qxe7 10. Nge2 g6 11. 0-0-0 Nb6 12. h3 Ng7 13. g4 f5 14. Ng3 Rf8 15. gxf5 Bxf5 16. Nxf5 Nxf5 17. Na4 0-0-0 18. Nc5 Rf7 19. Kb1 Rdf8 20. Rd2 Nd6 21. b3 Kb8 22. h4 Nf5 23. h5 g5 24. Be2 Nh6 25. Nd3 Qe4 26. Rdd1 Nd7 27. Qd2 Rxf2 28. Kb2 R2f5 29. Nc1 Qe7 30. Nd3 Nf6 31. Rdf1 Ne4 32. Qe1 Qe6 33. Ne5 R8f6 34. Rxf5 Rxf5 35. Rf1 Rxe5 36. dxe5 Qxe5+ 37. Kc2 Nf5 38. Bd3 Neg3 39. Rf3 Nd4+ 40. Kb1 Nxf3 41. Qb4 Qf6 42. Ba6 b6 43. Qg4 Qf5+ 0-1

[Event "SLO-chT2 West"]
[Site "Komenda"]
[Date "2018.11.24"]
[Round "5.3"]
[White "Zmavc, Mark"]
[Black "Pucelj, Joze"]
[Result "1/2-1/2"]
[WhiteElo "1727"]
[BlackElo "2100"]
[PlyCount "76"]
[EventDate "2018.11.10"]
[EventType "team-tourn"]
[EventRounds "7"]
[EventCountry "SLO"]
[SourceTitle "EXT 2020"]
[Source "ChessBase"]
[SourceDate "2019.10.17"]
[SourceVersion "1"]
[SourceVersionDate "2019.10.17"]
[SourceQuality "1"]
[WhiteTeam "Ljubljana SK II"]
[BlackTeam "Dolenjske Toplice"]
[WhiteTeamCountry "SLO"]
[BlackTeamCountry "SLO"]

1. d4 g6 2. c4 Bg7 3. Nf3 c5 4. d5 Nf6 5. Nc3 0-0 6. e4 d6 7. Be2 e6 8. 0-0 exd5 9. cxd5 Bg4 10. Nd2 Bxe2 11. Qxe2 Re8 12. f3 a6 13. a4 Nbd7 14. Nc4 Ne5 15. Nxe5 Rxe5 16. Bf4 Re8 17. g4 Qe7 18. Qd2 Nd7 19. Rab1 Qf6 20. Kg2 Rab8 21. g5 Qe7 22. b4 cxb4 23. Rxb4 Rec8 24. Ne2 Nc5 25. a5 Rc7 26. Rc1 Rbc8 27. Rbc4 Ne6 28. Rxc7 Nxf4+ 29. Qxf4 Rxc7 30. Rxc7 Qxc7 31. Qd2 Qc5 32. h4 f6 33. Nf4 fxg5 34. Ne6 Qc3 35. Qxg5 Bf6 36. Qh6 Be7 37. Kg3 Qe1+ 38. Kg2 Qe2+ 1/2-1/2

[Event "SLO-chT Central 19th"]
[Site "Slovenia"]
[Date "2018.10.18"]
[Round "6.2"]
[White "Zmavc, Mark"]
[Black "Rojs, Igor"]
[Result "0-1"]
[WhiteElo "1727"]
[BlackElo "2007"]
[PlyCount "127"]
[EventDate "2018.09.13"]
[EventType "team-tourn"]
[EventRounds "7"]
[EventCountry "SLO"]
[SourceTitle "EXT 2021"]
[Source "ChessBase"]
[SourceDate "2020.10.23"]
[SourceVersion "1"]
[SourceVersionDate "2020.10.23"]
[SourceQuality "1"]
[WhiteTeam "Klinicni Center"]
[BlackTeam "Trzin Buscotrade"]
[WhiteTeamCountry "SLO"]
[BlackTeamCountry "SLO"]

1. d4 Nf6 2. c4 e6 3. Nc3 d5 4. cxd5 exd5 5. Bg5 c6 6. Qc2 h6 7. Bh4 Be7 8. e3 0-0 9. Bd3 Re8 10. Nge2 Nbd7 11. f3 c5 12. 0-0 Nf8 13. Rad1 c4 14. Bf5 Be6 15. a4 a6 16. Bxe6 fxe6 17. e4 Qd7 18. e5 N6h7 19. Bf2 b5 20. axb5 axb5 21. Ng3 b4 22. Nce2 Qa4 23. Qxa4 Rxa4 24. Be3 Rc8 25. f4 g6 26. f5 exf5 27. Bxh6 Ne6 28. Nf4 Nxf4 29. Rxf4 Ra2 30. Rf2 Bg5 31. Bxg5 Nxg5 32. h4 Ne4 33. Nxe4 fxe4 34. Re1 Rf8 35. Rfe2 Rf4 36. Kh2 Rxh4+ 37. Kg3 Rh7 38. Kf4 Rf7+ 39. Kg5 Kg7 40. g4 c3 41. bxc3 Rxe2 42. Rxe2 bxc3 43. Rc2 Rc7 44. Kf4 Rf7+ 45. Kg5 Rf3 46. e6 Rf6 47. Rxc3 Rxe6 48. Kf4 Kf6 49. g5+ Ke7 50. Ke3 Kd7 51. Rc5 Kd6 52. Ra5 Kc6 53. Ra6+ Kd7 54. Ra7+ Ke8 55. Ra5 Rd6 56. Ra7 Rd7 57. Ra6 Kf7 58. Ra5 Ke6 59. Kf4 Rf7+ 60. Ke3 Rf5 61. Ra6+ Kf7 62. Ra7+ Ke8 63. Ra8+ Kd7 64. Ra7+ 0-1

[Event "SLO-chT Central 19th"]
[Site "Slovenia"]
[Date "2018.09.20"]
[Round "2.2"]
[White "Zmavc, Mark"]
[Black "Suhadolnik, Jernej"]
[Result "1-0"]
[WhiteElo "1727"]
[BlackElo "1871"]
[PlyCount "75"]
[EventDate "2018.09.13"]
[EventType "team-tourn"]
[EventRounds "7"]
[EventCountry "SLO"]
[SourceTitle "EXT 2021"]
[Source "ChessBase"]
[SourceDate "2020.10.23"]
[SourceVersion "1"]
[SourceVersionDate "2020.10.23"]
[SourceQuality "1"]
[WhiteTeam "Klinicni Center"]
[BlackTeam "Trzin Buscotrade II"]
[WhiteTeamCountry "SLO"]
[BlackTeamCountry "SLO"]

1. d4 b5 2. Nf3 Bb7 3. e3 a6 4. c4 bxc4 5. Bxc4 e6 6. Nc3 Nf6 7. 0-0 Nc6 8. a3 Na5 9. Ba2 d5 10. Ne5 Bd6 11. b4 Nc6 12. Nf3 Ne7 13. Bb2 Nf5 14. Rc1 g5 15. Ne5 h5 16. Na4 Ng4 17. Nc5 Bc8 18. h3 Nxe5 19. dxe5 Bxc5 20. Rxc5 g4 21. e4 gxh3 22. g3 dxe4 23. Qxd8+ Kxd8 24. Rd1+ Bd7 25. Bb1 Kc8 26. Bxe4 c6 27. Rxd7 Kxd7 28. Bxc6+ Ke7 29. Bxa8 Rxa8 30. Kh2 Rd8 31. Bc3 Rd3 32. a4 h4 33. g4 Nh6 34. Rc4 Rf3 35. Bd4 Nxg4+ 36. Kh1 Rd3 37. Bc5+ Kd7 38. Rxg4 1-0

[Event "Ljubljana-chT 71st"]
[Site "Ljubljana"]
[Date "2018.03.08"]
[Round "5.3"]
[White "Zmavc, Mark"]
[Black "Mejak, George"]
[Result "1/2-1/2"]
[WhiteElo "1632"]
[BlackElo "2061"]
[PlyCount "98"]
[EventDate "2018.01.11"]
[EventType "team-tourn"]
[EventRounds "9"]
[EventCountry "SLO"]
[SourceTitle "EXT 2020"]
[Source "ChessBase"]
[SourceDate "2019.10.17"]
[SourceVersion "1"]
[SourceVersionDate "2019.10.17"]
[SourceQuality "1"]
[WhiteTeam "Ljubljana SK"]
[BlackTeam "Mentor"]
[WhiteTeamCountry "SLO"]
[BlackTeamCountry "SLO"]

1. d4 d5 2. c4 e6 3. Nc3 Nf6 4. cxd5 Nxd5 5. Nf3 c5 6. e4 Nxc3 7. bxc3 cxd4 8. cxd4 Bb4+ 9. Bd2 Qa5 10. Bd3 Nc6 11. a3 Bxd2+ 12. Qxd2 0-0 13. Qxa5 Nxa5 14. Ke2 Bd7 15. Rab1 Rfc8 16. Rhc1 Kf8 17. h4 Ba4 18. Nd2 Ke7 19. g4 h6 20. Ke3 Kd8 21. f4 Rxc1 22. Rxc1 Rc8 23. Rxc8+ Kxc8 24. Nc4 Nxc4+ 25. Bxc4 Kd7 26. d5 b6 27. dxe6+ fxe6 28. e5 Bd1 29. g5 Bg4 30. Bb5+ Ke7 31. Bd3 Kf7 32. Kd4 Bf3 33. Ke3 Bg4 34. Kf2 Bh5 35. Kg3 Bg6 36. Bc4 Bf5 37. Bb5 Ke7 38. Kf3 Bh3 39. Ke4 Kf7 40. Kf3 Bf5 41. Ke3 Bh3 42. Bd3 Bg4 43. Kd4 Bf3 44. f5 exf5 45. Bxf5 hxg5 46. hxg5 Ke7 47. Bc8 Bc6 48. Bf5 Bf3 49. Bc8 Bc6 1/2-1/2

[Event "Ljubljana-chT 71st"]
[Site "Ljubljana"]
[Date "2018.01.11"]
[Round "1.3"]
[White "Zmavc, Mark"]
[Black "Janzelj, Lara"]
[Result "0-1"]
[WhiteElo "1632"]
[BlackElo "2166"]
[PlyCount "50"]
[EventDate "2018.01.11"]
[EventType "team-tourn"]
[EventRounds "9"]
[EventCountry "SLO"]
[SourceTitle "EXT 2020"]
[Source "ChessBase"]
[SourceDate "2019.10.17"]
[SourceVersion "1"]
[SourceVersionDate "2019.10.17"]
[SourceQuality "1"]
[WhiteTeam "Ljubljana SK"]
[BlackTeam "Ig"]
[WhiteTeamCountry "SLO"]
[BlackTeamCountry "SLO"]

1. d4 d5 2. c4 c6 3. Nf3 Nf6 4. Nc3 dxc4 5. a4 Bf5 6. e3 e6 7. Bxc4 Bb4 8. 0-0 0-0 9. Qe2 Bg4 10. Rd1 Qa5 11. Bd2 Rd8 12. Nb1 Ne4 13. Bxb4 Qxb4 14. Bd3 Ng5 15. Nbd2 c5 16. dxc5 Nc6 17. Qf1 Nxf3+ 18. gxf3 Bh5 19. Ra3 Ne5 20. Qh3 Bg6 21. Bxg6 hxg6 22. Rb3 Qxa4 23. f4 Nc4 24. Qg4 Nxd2 25. Rxb7 Qe4 0-1

[Event "SLO-chT Central 1st League 18th"]
[Site "Slovenia"]
[Date "2017.10.12"]
[Round "5.3"]
[White "Kmetic, Andrej"]
[Black "Zmavc, Mark"]
[Result "0-1"]
[WhiteElo "1440"]
[BlackElo "1698"]
[PlyCount "54"]
[EventDate "2017.09.14"]
[EventType "team-swiss"]
[EventRounds "9"]
[EventCountry "SLO"]
[SourceTitle "EXT 2022"]
[Source "ChessBase"]
[SourceDate "2021.10.06"]
[SourceVersion "1"]
[SourceVersionDate "2021.10.06"]
[SourceQuality "1"]
[WhiteTeam "Loka pri Mengsu"]
[BlackTeam "Ljubljana SK"]
[WhiteTeamCountry "SLO"]
[BlackTeamCountry "SLO"]

1. d4 d5 2. Nf3 Nf6 3. e3 e6 4. Bd3 Bd6 5. Nbd2 0-0 6. 0-0 Nbd7 7. Re1 c5 8. b3 e5 9. dxe5 Nxe5 10. Be2 Qe7 11. Bb2 Rd8 12. Bxe5 Bxe5 13. Nxe5 Qxe5 14. Nf3 Qe7 15. c3 Bf5 16. Rc1 h6 17. Qd2 Rd6 18. Qb2 Be4 19. b4 b6 20. Nd2 c4 21. Nf3 Nd7 22. Red1 Rg6 23. g3 Qf6 24. Nh4 Qxh4 25. Bxc4 dxc4 26. Rd4 Qe7 27. Rcd1 Bd3 0-1

[Event "SLO-chT Central 1st League 18th"]
[Site "Slovenia"]
[Date "2017.09.21"]
[Round "2.2"]
[White "Simicak, Metod"]
[Black "Zmavc, Mark"]
[Result "1/2-1/2"]
[WhiteElo "1795"]
[BlackElo "1698"]
[PlyCount "133"]
[EventDate "2017.09.14"]
[EventType "team-swiss"]
[EventRounds "9"]
[EventCountry "SLO"]
[SourceTitle "EXT 2022"]
[Source "ChessBase"]
[SourceDate "2021.10.06"]
[SourceVersion "1"]
[SourceVersionDate "2021.10.06"]
[SourceQuality "1"]
[WhiteTeam "Menges Trzin"]
[BlackTeam "Ljubljana SK"]
[WhiteTeamCountry "SLO"]
[BlackTeamCountry "SLO"]

1. e4 c5 2. Nf3 d6 3. Nc3 Nf6 4. h3 Nc6 5. d4 cxd4 6. Nxd4 e5 7. Nxc6 bxc6 8. Bc4 Be7 9. Qf3 Be6 10. Bxe6 fxe6 11. Bg5 0-0 12. Qe2 Rb8 13. b3 Nd7 14. Be3 Qa5 15. Bd2 Qc7 16. Qc4 Rf6 17. Bg5 Nb6 18. Qd3 Rg6 19. Bxe7 Qxe7 20. g3 d5 21. a4 Nd7 22. 0-0 Qh4 23. Kh2 Qe7 24. Qa6 Qc5 25. Qd3 Rf8 26. Kg2 Rgf6 27. f3 a5 28. Ne2 R6f7 29. Qc3 Qb6 30. Qd3 Nf6 31. Nc3 Nd7 32. Rae1 Qb4 33. Re2 Nc5 34. Qd2 Qd4 35. Qe1 Nd7 36. Na2 Qb6 37. Ref2 h6 38. Nc1 Qc7 39. Nd3 c5 40. Re2 c4 41. bxc4 dxc4 42. Qc3 Rb8 43. f4 exf4 44. Nxf4 e5 45. Nd5 Qc5 46. Rxf7 Kxf7 47. Qf3+ Kg8 48. Qf5 Qd6 49. Ne3 Nc5 50. Nxc4 Qd4 51. Qxe5 Qxe5 52. Nxe5 Nxa4 53. Nc6 Rb5 54. Rd2 Rc5 55. Ne7+ Kf7 56. Nd5 Ke6 57. Kf3 Nc3 58. Nf4+ Ke7 59. Nd3 Rc4 60. e5 a4 61. Nf4 Rc5 62. e6 g5 63. Rd7+ Kf6 64. e7 Re5 65. Nd5+ Nxd5 66. Rxd5 Rxe7 67. Ra5 1/2-1/2

[Event "SLO-chT Central 1st League 18th"]
[Site "Slovenia"]
[Date "2017.09.14"]
[Round "1.3"]
[White "Novak, Robert"]
[Black "Zmavc, Mark"]
[Result "1-0"]
[WhiteElo "1695"]
[BlackElo "1698"]
[PlyCount "57"]
[EventDate "2017.09.14"]
[EventType "team-swiss"]
[EventRounds "9"]
[EventCountry "SLO"]
[SourceTitle "EXT 2022"]
[Source "ChessBase"]
[SourceDate "2021.10.06"]
[SourceVersion "1"]
[SourceVersionDate "2021.10.06"]
[SourceQuality "1"]
[WhiteTeam "Vrhnika II"]
[BlackTeam "Ljubljana SK"]
[WhiteTeamCountry "SLO"]
[BlackTeamCountry "SLO"]

1. d4 d5 2. c4 c6 3. Nf3 Nf6 4. e3 e6 5. Nc3 Bd6 6. Bd3 0-0 7. 0-0 Nbd7 8. Re1 dxc4 9. Bxc4 b5 10. Bd3 a6 11. Ne4 Nxe4 12. Bxe4 Qb6 13. Qc2 Bb7 14. Bxh7+ Kh8 15. Qe4 g6 16. Qh4 Kg7 17. e4 f6 18. Bh6+ Kf7 19. e5 Be7 20. Qg4 Rg8 21. exf6 c5 22. fxe7 Nf6 23. Qf4 Bxf3 24. Bg5 e5 25. dxe5 Rh8 26. exf6 Bh5 27. Qe4 Qd6 28. Rad1 Bxd1 29. Qxg6# 1-0